000 00270nam a2200109Ia 4500
008 220214s9999 xx 000 0 und d
100 _aRajagopalan KS
245 0 _aOrganisation of corrosion research in India
260 _bNot available
300 _a47-51
942 _cRE
999 _c46492
_d46492